Skillet - Les Titres aux Bons Albums - Statistiques

Statistiques générales
  • Ce quiz a été pris 2 fois
  • Le résultat moyen est 46 sur 156
Statistiques - réponses
Hint Extra Hint Réponse % Correct
Should've When You Could've Awake
100%
Undefeated Unleashed
100%
Alien Youth Alien Youth
50%
Vapor Alien Youth
50%
Earth Invasion Alien Youth
50%
Hero Awake
50%
Monster Awake
50%
Don't Wake Me Awake
50%
Awake and Alive Awake
50%
One Day Too Late Awake
50%
It's Not Me, It's You Awake
50%
Believe Awake
50%
Sometimes Awake
50%
Never Surrender Awake
50%
Lucy Awake
50%
Dead Inside Bonus Track Awake
50%
Would It Matter Bonus Track Awake
50%
Savior Collide
50%
Open Wounds Collide
50%
My Obsession Collide
50%
Collide Collide
50%
Rebirthing Comatose
50%
The Last Night Comatose
50%
Yours to Hold Comatose
50%
Better Than Drugs Comatose
50%
Comatose Comatose
50%
The Older I Get Comatose
50%
Those Nights Comatose
50%
Falling Inside the Black Comatose
50%
Say Goodbye Comatose
50%
Whispers in the Dark Comatose
50%
Looking for Angels Comatose
50%
Surviving The Game Dominion
50%
Dominion Dominion
50%
Destiny Dominion
50%
Refuge Dominion
50%
Ignite Dominion
50%
White Horse Dominion
50%
Crossfire Bonus Track Dominion
50%
Finish Line Bonus Track,
Feat. Adam Gontier
Dominion
50%
Unbreakable Soul Bonus Track Dominion
50%
The Defiant Bonus Track Dominion
50%
Hey You, I Love Your Soul Hey You, I Love Your Soul
50%
Pour Hey You, I Love Your Soul
50%
Suspended in You Hey You, I Love Your Soul
50%
Coming Down Hey You, I Love Your Soul
50%
Dive over In Hey You, I Love Your Soul
50%
Best Kept Secret Invincible
50%
Come on to the Future Invincible
50%
I Trust You Invincible
50%
Each Other Invincible
50%
Showtime Revolution
50%
Unpopular Revolution
50%
All That Matters Revolution
50%
Not Afraid Revolution
50%
Revolution Revolution
50%
Ash In The Wind Revolution
50%
Fire Inside of Me Revolution
50%
Defector Revolution
50%
Happy Wedding Day (Alex's Song) Revolution
50%
Rise Rise
50%
Sick of it Rise
50%
Not Gonna Die Rise
50%
Circus for a Psycho Rise
50%
American Noise Rise
50%
Madness in Me Rise
50%
Salvation Rise
50%
Fire and Fury Rise
50%
My Religion Rise
50%
What I Believe Rise
50%
Battle Cry Bonus Track Rise
50%
Paint Skillet
50%
Safe with You Skillet
50%
You Thought Skillet
50%
Feel Invincible Unleashed
50%
Back from the Dead Unleashed
50%
Stars Unleashed
50%
I Want To Live Unleashed
50%
Lions Unleashed
50%
Burn It Down Unleashed
50%
The Resistance Unleashed
50%
Breaking Free Bonus Track,
Feat. Lacey Sturm
Unleashed
50%
Legendary Victorious
50%
Victorious Victorious
50%
Save Me Victorious
50%
Rise Up Victorious
50%
Anchor Victorious
50%
Finish Line Victorious
50%
Dreaming of Eden Bonus Track Victorious
50%
You Are My Hope Alien Youth
0%
Eating Me Away Alien Youth
0%
Kill Me, Heal Me Alien Youth
0%
The Thirst Is Taking Over Alien Youth
0%
One Real Thing Alien Youth
0%
Stronger Alien Youth
0%
Rippin' Me Off Alien Youth
0%
Will You Be There (Falling Down) Alien Youth
0%
Come My Way Alien Youth
0%
Forgiven Awake
0%
Forsaken Collide
0%
A Little More Collide
0%
Fingernails Collide
0%
Imperfection Collide
0%
Under My Skin Collide
0%
Energy Collide
0%
Cycle Down Collide
0%
Standing in the Storm Dominion
0%
Valley of Death Dominion
0%
Beyond Incredible Dominion
0%
Shout Your Freedom Dominion
0%
Destroyer Dominion
0%
Forever or the End Dominion
0%
Psycho In My Head Bonus Track Dominion
0%
Deeper Hey You, I Love Your Soul
0%
Locked in a Cage Hey You, I Love Your Soul
0%
Your Love (Keeps Me Alive) Hey You, I Love Your Soul
0%
More Faithful Hey You, I Love Your Soul
0%
Take Hey You, I Love Your Soul
0%
Whirlwind Hey You, I Love Your Soul
0%
Scarecrow Hey You, I Love Your Soul
0%
You Take My Rights Away Invincible
0%
Invincible Invincible
0%
Rest Invincible
0%
You're Powerful Invincible
0%
The Fire Breathes Invincible
0%
Say It Loud Invincible
0%
The One Invincible
0%
You're in My Brain Invincible
0%
Death Defier Revolution
0%
Good to Be Alive Rise
0%
Hard to Find Rise
0%
Everything Goes Black Bonus Track Rise
0%
Freakshow Bonus Track Rise
0%
I Can Skillet
0%
Gasoline Skillet
0%
Saturn Skillet
0%
My Beautiful Robe Skillet
0%
Promise Blender Skillet
0%
Bondaries Skillet
0%
Splinter Skillet
0%
Famous Unleashed
0%
Out of Hell Unleashed
0%
Watching for Comets Unleashed
0%
Saviors of the World Unleashed
0%
Stay 'Til the Daylight Bonus Track Unleashed
0%
Brave Bonus Track Unleashed
0%
You Get Me High Bonus Track Unleashed
0%
Set It Off Bonus Track Unleashed
0%
You Ain't Ready Victorious
0%
This Is the Kingdom Victorious
0%
Terrify the Dark Victorious
0%
Never Going Back Victorious
0%
Reach Victorious
0%
Back to Life Victorious
0%
Dead Man Walking Bonus Track Victorious
0%
Sick and Empty Bonus Track Victorious
0%
Aucun quiz correspondant
Distribution des résultats
% des personnes avec chaque résultat
Percentile par nombre de réponses
Votre historique - résultats
Vous n’avez pas pris ce quiz